The Equator Line/ (Record no. 189385)

MARC details
000 -LEADER
fixed length control field 00560nam a22001817a 4500
005 - DATE AND TIME OF LATEST TRANSACTION
control field 20220627150024.0
010 ## - LCCN (DPL NO)
LC control number ENG-133394
020 ## - INTERNATIONAL STANDARD BOOK NUMBER
International Standard Book Number 9789383076109
Terms of availability 391.48
035 ## - SYSTEM CONTROL NUMBER
System control number EN-116926
037 ## - SOURCE OF ACQUISITION
Source of stock number/acquisition DBAD/PUB
082 ## - DEWEY DECIMAL CLASSIFICATION NUMBER
Classification number 915.983
245 ## - TITLE STATEMENT
Title The Equator Line/
Statement of responsibility, etc Edited by Bhaskar Roy
260 ## - PUBLICATION, DISTRIBUTION, ETC. (IMPRINT)
Place of publication, distribution, etc New Delhi
Name of publisher, distributor, etc Yogesh Malik
270 ## - ADDRESS
Address 16 Community Center, 3rd Floor Panchsheel
City New Delhi
Electronic mail address info@equator.net.in
Telephone number 01140503956
Postal code 110017
300 ## - PHYSICAL DESCRIPTION
Extent 103p.
Dimensions 21cm(pbk)
700 ## - ADDED ENTRY--PERSONAL NAME
Personal name E.Arumuga Gandhi
942 ## - ADDED ENTRY ELEMENTS (KOHA)
Source of classification or shelving scheme Dewey Decimal Classification
Item type English Books
Classification part 915.983
Call number suffix EQU
Holdings
Withdrawn status Lost status Not for loan Collection code Home library Current library Date acquired Source of acquisition Cost, normal purchase price Full call number Barcode Copy number Cost, replacement price Koha item type
      Non-fiction D.B.Act.Division Mobile Library 27/06/2022 DBAD/PUB 391.48 915.983 EQU EN-116926 1 391.48 English Books

© Delhi Public Library
Hit Counter
free hit counter